000 00696nam a2200289Ia 4500
005 20260324140244.0
008 008 260324s9999 xx 000 0 eng d
020 _a9781315853031
037 _aEBOOK
040 _aCRL
040 _beng
040 _cCRL
041 _2eng
041 _aeng
084 _qCRL
100 _aVictoria. L Bernhardt
_91203702
245 0 _aSchool Portfolio, The
245 2 _bA Comprehensive Framework for School Improvement
260 _bTaylor and Francis
260 _c1999
365 _a
365 _b180
856 _uhttp://www.taylorfrancis.com/books/9781315853031
942 _cEBOOK
999 _c1805599
_d1805599